| 000 | 02431nam a2200337 a 4500 | ||
|---|---|---|---|
| 100 | 1 |
_aМихайловски, Стоян Николов _gМихайловский, Стоян, 1856-1927; Михайловски, Ст., 1856-1927; Михайловски, 1856-1927; Де Профундис, 1856-1927 (псевдоним); Истров, Драгостин, 1856-1927 (псевдоним); Муслак, Драгостин Истров, 1856-1927 (псевдоним); Розенберг, Викентий, 1856-1927 (псевдоним); Рязков, Евгений, 1856-1927 (псевдоним); Стрелков, Ст., 1856-1927 (псевдоним); De Profundis, 1856-1927 (псевдоним); X.y.z., 1856-1927 (псевдоним) _d1856-1927 _997934 |
|
| 999 |
_c186494 _d186494 |
||
| 003 | BLK | ||
| 005 | 20240617105103.0 | ||
| 008 | 180411b bul|||||r ||||||| ||bul|| | ||
| 010 | _aKNG00195489000 | ||
| 040 | _aBLK | ||
| 041 |
_aBUL _cBUL |
||
| 080 |
_aБългарска литература _b821.163.2 _x-1 _z821.163.2-1 |
||
| 139 |
_aМихайловски, Стоян Николов _bМ 74 |
||
| 245 | 1 | 0 |
_aПоезия _cСтоян Николов Михайловски; предг., състав. и прил. Димитър Михайлов. |
| 257 | _aBGR | ||
| 260 |
_aВ. Търново _bСлово _c1994 |
||
| 300 |
_a200 с. _c20 см |
||
| 380 | _aX | ||
| 490 |
_aМалка ученическа библиотека _9201165 |
||
| 500 | _aПълното име на състав. е Димитър Михайлов Иванов. - Съдържа и Стоян Михайловски за себе си и за своите литературни възгледи ; Поетическото творчество на Стоян Михайловски в оценките на неговите съвременници ; Книгите на Стоян Михайловски : Анот. ; Кратка библиография ; Речник. - Офс. изд. - 10 000 тир. | ||
| 653 | _aпоезия | ||
| 700 | 1 |
_aМихайлов, Димитър _eпредг., състав. и прил. _gХристов, Димитър Михайлов _9363763 |
|
| 852 |
_aЦб 175025 _bЦб |
||
| 856 | 4 |
_qpdf _i0.00 _ldisable |
|
| 856 | 4 |
_qpdf _i0.00 _ldisable |
|
| 942 |
_cKNG _n0 _02 _s1 |
||
| 944 |
_aCR _c08.11.2016 _k30542 _lРусанова Ирена |
||
| 944 |
_aED _c08.11.2016 _kЕлица_Владова |
||
| 999 | _d186494 | ||